Draw the Outline of Switzerland on a Map - Statistics

General Stats
  • This quiz has been taken 62 times
  • The average score is 13 of 22
Answers on the Map
Answers color-coded by a green-red scale on the quiz's map according to % correct below.
 
Answer Stats
Answer % Correct
Geneva
100%
Vaud
90%
Neuchâtel
85%
Jura
78%
Basel-Landschaft
63%
Solothurn
61%
Basel-Stadt
59%
Basel-Landschaft
56%
Basel-Landschaft
56%
Aargau
54%
Basel-Landschaft
54%
Solothurn
54%
Zurich
54%
Valais
51%
Schaffhausen
49%
Ticino
49%
Vaud
49%
Zurich
46%
Schaffhausen
44%
St. Gallen
44%
Thurgau
44%
Grisons
41%
No matching quizzes found
Score Distribution
Percent of People with Each Score
Percentile by Number Answered
Your Score History
You have not taken this quiz